| 000 | 00596nam a2200193 a 4500 | ||
|---|---|---|---|
| 001 | 776 | ||
| 003 | BR-CuiBMT | ||
| 005 | 20231117140321.0 | ||
| 008 | 231117s2005 dfb 000 0 por d | ||
| 040 |
_aBR-CuiBMT _cBR-CuiBMT |
||
| 080 |
_22007 _a347.918 |
||
| 090 |
_a347.918 _bM966o |
||
| 100 | 1 | _aMuniz, Petronio R. G. | |
| 245 | 1 | 0 |
_aOperação arbiter : _ba história da lei nº 9.307/96 sobre a arbitragem comercial no Brasil / _cPetronio R. G. Muniz. |
| 260 |
_aBrasilia : _bITN, _c2005. |
||
| 300 |
_a362 p. ; _c25 cm |
||
| 650 |
_aArbitragem comercial _vlegislação _zBrasil |
||
| 942 |
_2udc _cLV |
||
| 999 |
_c776 _d776 |
||